=LDR 00000nam 2200000 4500 =001 INLIS000000000027425 =005 20200812013224 =035 ##$$a 0010-061300000027425 =020 ##$$a 979-769-033-4 =082 ##$$a 2x5.1 =100 ##$$a Mujib,Abdul =245 1#$$a Kepribadian dalam psikologi Islam /$c Abdul mujib =260 ##$$a Jakarta :$b Raja grafindo,$c 2006 =850 ##$$a NBPNMAT =250 ##$$a ed. 1 =300 ##$$a Xi, 422 Hlm : $b Ilus ; $c 15 x 23 Cm =084 ##$$a 2x5.1 MUJ k =650 #4$$a Psikologi Islam =504 ##$$a Bibliografi : hlm. 409 - 419 =504 ##$$a Biografi : hlm. 421 - 422 =008 200812################g##########0#ind## =990 ##$$a 20801427 =990 ##$$a 20708249 =990 ##$$a 20801429 =990 ##$$a 20801430 =990 ##$$a 20801428